Earth one. (Record no. 823)
[ view plain ]
| 000 -LEADER | |
|---|---|
| fixed length control field | 01350pam a2200433 a 4500 |
| 003 - CONTROL NUMBER IDENTIFIER | |
| control field | data |
| 005 - DATE AND TIME OF LATEST TRANSACTION | |
| control field | 20260322212035.0 |
| 008 - FIXED-LENGTH DATA ELEMENTS--GENERAL INFORMATION | |
| fixed length control field | data |
| 010 ## - LIBRARY OF CONGRESS CONTROL NUMBER | |
| LC control number | 2012023698 |
| 020 ## - INTERNATIONAL STANDARD BOOK NUMBER | |
| International Standard Book Number | 1401231969 : |
| Terms of availability | {dollar}22.99 |
| 020 ## - INTERNATIONAL STANDARD BOOK NUMBER | |
| International Standard Book Number | 9781401231965 : |
| Terms of availability | {dollar}22.99 |
| 040 ## - CATALOGING SOURCE | |
| Original cataloging agency | DLC |
| Transcribing agency | DLC |
| 043 ## - GEOGRAPHIC AREA CODE | |
| Geographic area code | n-us--- |
| 050 00 - LIBRARY OF CONGRESS CALL NUMBER | |
| Classification number | PN6728.S9 |
| Item number | S773 2012 |
| 082 00 - DEWEY DECIMAL CLASSIFICATION NUMBER | |
| Classification number | 741.5/973 |
| Edition information | 23 |
| 082 14 - DEWEY DECIMAL CLASSIFICATION NUMBER | |
| Classification number | 741.5 |
| -- | 162 |
| 099 ## - LOCAL FREE-TEXT CALL NUMBER (OCLC) | |
| Classification number | STRACJ |
| 001 - CONTROL NUMBER | |
| control field | data |
| 100 1# - MAIN ENTRY--PERSONAL NAME | |
| Personal name | Straczynski, J. Michael, |
| Dates associated with a name | 1954- |
| 245 10 - TITLE STATEMENT | |
| Title | Earth one. |
| Number of part/section of a work | [Volume two] / |
| Statement of responsibility, etc. | J. Michael Straczynski ... [et al.]. |
| 246 3# - VARYING FORM OF TITLE | |
| Title proper/short title | Earth 1. |
| 246 14 - VARYING FORM OF TITLE | |
| Title proper/short title | Superman. |
| Name of part/section of a work | Earth one. |
| Number of part/section of a work | Volume two. |
| 246 18 - VARYING FORM OF TITLE | |
| Title proper/short title | Superman. |
| Name of part/section of a work | Earth one. |
| Number of part/section of a work | 2. |
| 260 ## - PUBLICATION, DISTRIBUTION, ETC. | |
| Place of publication, distribution, etc. | New York : |
| Name of publisher, distributor, etc. | DC Comics, |
| Date of publication, distribution, etc. | c2012. |
| 300 ## - PHYSICAL DESCRIPTION | |
| Extent | 1 v. (unpaged) : |
| Other physical details | chiefly ill. (some col.) ; |
| Dimensions | 27 cm. |
| 500 ## - GENERAL NOTE | |
| General note | "Superman created by Jerry Siegel and Joe Shuster." |
| 521 1# - TARGET AUDIENCE NOTE | |
| Target audience note | Adult. |
| Source | Brodart. |
| 521 2# - TARGET AUDIENCE NOTE | |
| Target audience note | Adult. |
| Source | Brodart. |
| 650 #0 - SUBJECT ADDED ENTRY--TOPICAL TERM | |
| Topical term or geographic name entry element | Comic books, strips, etc. |
| Geographic subdivision | United States. |
| 650 #0 - SUBJECT ADDED ENTRY--TOPICAL TERM | |
| Topical term or geographic name entry element | Graphic novels |
| Geographic subdivision | United States. |
| 650 #0 - SUBJECT ADDED ENTRY--TOPICAL TERM | |
| Topical term or geographic name entry element | Superman (Fictitious character) |
| Form subdivision | Comic books, strips, etc. |
| 650 #0 - SUBJECT ADDED ENTRY--TOPICAL TERM | |
| Topical term or geographic name entry element | Superheroes |
| Form subdivision | Comic books, strips, etc. |
| 655 #0 - INDEX TERM--GENRE/FORM | |
| Genre/form data or focus term | Graphic novels. |
| 655 #7 - INDEX TERM--GENRE/FORM | |
| Genre/form data or focus term | Comic books, strips, etc. |
| Source of term | gsafd. |
| 700 1# - ADDED ENTRY--PERSONAL NAME | |
| Personal name | Davis, Shane. |
| 700 1# - ADDED ENTRY--PERSONAL NAME | |
| Personal name | Hope, Sandra. |
| 700 1# - ADDED ENTRY--PERSONAL NAME | |
| Personal name | Ciardo, Barbara. |
| 700 1# - ADDED ENTRY--PERSONAL NAME | |
| Personal name | Leigh, Rob. |
| Withdrawn status | Lost status | Damaged status | Not for loan | Home library | Current library | Shelving location | Date acquired | Total checkouts | Full call number | Barcode | Date last seen | Price effective from | Koha item type |
|---|---|---|---|---|---|---|---|---|---|---|---|---|---|
| Centerville | Centerville | General stacks | 22/03/2026 | 741.5/973 23 | BC0010847 | 22/03/2026 | 22/03/2026 | Books |